| 000 | 00593cam a2200181ua 4500 | ||
|---|---|---|---|
| 001 | 6580 | ||
| 008 | 140510n ii |||gr||||Z||||||eng | ||
| 040 | _cMAIN | ||
| 082 | _a658.3 | ||
| 245 |
_aEssentials of human resource management and industrial relations : _btext cases and games / _cBy P. Subba Rao . |
||
| 250 | _a2nd rev. & enlarged ed. | ||
| 260 |
_aMumbai: _bHimalaya publishing house, _c2000. |
||
| 300 | _ax,790p. | ||
| 653 | _aGeneral management | ||
| 653 | _aEssentials of human resource management and industrial relations : | ||
| 700 |
_aRao,P. Subba, _eAuthor. |
||
| 942 | _cBK | ||
| 999 |
_c5729 _d5729 |
||